Història de Terrassa / Josep M. Benaul ... [et al.] ; coordinador de l'obra: Xavier Marcet i Gisbert Xavier Marcet i Gisbert
Descripción Física:
478 p. : il. ; 24 cm
Materias:
Terrassa (Catalunya) -- Història
MARC
| LEADER | 00000nam a2200000Ia 4500 | ||
|---|---|---|---|
| 001 | 8524 | ||
| 008 | 160829s1987 xx 000 0 cat d | ||
| 080 | |a H-1-87 | ||
| 245 | |a Història de Terrassa / Josep M. Benaul ... [et al.] ; coordinador de l'obra: |b Xavier Marcet i Gisbert | ||
| 260 | |a Terrassa : |b l'Ajuntament, |c 1987 | ||
| 300 | |a 478 p. : |b il. ; |c 24 cm | ||
| 651 | 0 | |a Terrassa (Catalunya) |x Història |9 55533 | |
| 700 | |a Benaül i Berenguer, Josep M. |9 27086 | ||
| 700 | |a Marcet i Gisbert, Xavier, coord. |9 27087 | ||
| 710 | 1 | |a Terrassa (Catalunya). |b Ajuntament |9 51450 | |
| 901 | |a Arxiu | ||
| 942 | |n 1 | ||
| 952 | |0 0 |1 0 |4 0 |6 H187 |7 1 |9 44263 |a Arxiu |b Arxiu |d 2016-12-01 |l 0 |o H-1-87 |p 8524 |r 2016-12-01 00:00:00 |w 2016-12-01 |y ARXIU | ||
| 999 | |c 46843 |d 46843 | ||